Ice on my teeth - ATEEZ - Statistics

General Stats
  • This quiz has been taken 9 times
  • The average score is 212 of 412
Answer Stats
type lyrics % Correct
A
100%
a
100%
diamonds
100%
i
100%
like
100%
my
100%
at
86%
bought
86%
grand
86%
ice
86%
on
86%
slam
86%
tee
86%
teeth
86%
tennis
86%
white
86%
you
86%
be
71%
been
71%
finish
71%
go
71%
got
71%
it
71%
ive
71%
playin
71%
the
71%
tryna
71%
yeah
71%
1
57%
hit
57%
im
57%
one
57%
uh
57%
violin
57%
your
57%
do
43%
have
43%
in
43%
make
43%
mouth
43%
oh
43%
shake
43%
that
43%
then
43%
to
43%
we
43%
when
43%
an
29%
body
29%
denist
29%
eight
29%
fiji
29%
flirting
29%
for
29%
get
29%
hear
29%
its
29%
keep
29%
look
29%
me
29%
money
29%
name
29%
necklace
29%
no
29%
of
29%
shining
29%
tac
29%
them
29%
they
29%
thing
29%
this
29%
tic
29%
toe
29%
wanna
29%
were
29%
with
29%
all
14%
baby
14%
bag
14%
being
14%
believe
14%
bunch
14%
but
14%
can
14%
cash
14%
cause
14%
cheap
14%
checklist
14%
claim
14%
closer
14%
cold
14%
cookin
14%
dancing
14%
deep
14%
die
14%
different
14%
double
14%
drip
14%
dripping
14%
easy
14%
eenie
14%
em
14%
everything
14%
eyes
14%
fame
14%
glow
14%
gon
14%
guessing
14%
hall
14%
hard
14%
high
14%
if
14%
ima
14%
is
14%
jewelry?
14%
just
14%
least
14%
lights
14%
low
14%
meenie
14%
minie
14%
moe
14%
moving
14%
not
14%
nothing
14%
off
14%
I've been playing like tennis ooh
14%
opps
14%
or
14%
out
14%
pack
14%
party
14%
peace
14%
price
14%
recipe
14%
reckless
14%
rest
14%
ride
14%
ripelys
14%
You're the one I'm tryna finish Ice on my teeth, ice on my teeth Ice on my teeth, on my white tee Ice on my teeth, ice on my tee Ice on my teeth, on my white tee rollin
14%
run
14%
same
14%
sayin
14%
scream
14%
see
14%
sing
14%
Grand slam like tennis | grand slam like tennish smack it
14%
smile
14%
star
14%
steady
14%
stressin
14%
stunna
14%
stylist
14%
summer
14%
tag
14%
talk
14%
thats
14%
too
14%
up
14%
VVS
14%
walk
14%
want
14%
water
14%
what
14%
why
14%
wrist
14%
xo's
14%
young
14%
Z
14%
No matching quizzes found
Score Distribution
Percent of People with Each Score
Percentile by Number Answered
Your Score History
You have not taken this quiz